| 000 | 01160nam a2200289Ia 4500 | ||
|---|---|---|---|
| 001 | ebr10095802 | ||
| 003 | CaPaEBR | ||
| 006 | m u | ||
| 007 | cr cn||||||||| | ||
| 008 | 700330s1979 enkh sb 001 0 eng d | ||
| 020 | _z0203379837 | ||
| 040 |
_aCaPaEBR _cCaPaEBR |
||
| 035 | _a(OCoLC)614936551 | ||
| 050 | 1 | 4 |
_aPR2662 _b.M22 1979eb |
| 100 | 1 |
_aMarlowe, Christopher, _d1564-1593. |
|
| 245 | 1 | 0 |
_aChristopher Marlowe _h[electronic resource] : _bthe critical heritage / _cedited by Millar MacLure. |
| 260 |
_aLondon ; _aNew York : _bRoutledge, _c1979. |
||
| 300 | _axii, 332 p. | ||
| 504 | _aIncludes bibliography and index. | ||
| 533 |
_aElectronic reproduction. _bPalo Alto, Calif. : _cebrary, _d2009. _nAvailable via World Wide Web. _nAccess may be limited to ebrary affiliated libraries. |
||
| 600 | 1 | 0 |
_aMarlowe, Christopher, _d1564-1593. |
| 650 | 0 |
_aEnglish literature _yEarly modern, 1500-1700. |
|
| 655 | 7 |
_aElectronic books. _2local |
|
| 700 | 1 |
_aMacLure, Millar, _d1917- |
|
| 710 | 2 | _aebrary, Inc. | |
| 856 | 4 | 0 |
_uhttp://site.ebrary.com/lib/rucke/Doc?id=10095802 _zAn electronic book accessible through the World Wide Web; click to view |
| 999 |
_c194164 _d194164 |
||